00953nam a2200277 i 4500001001000000003000900010005001700019007000300036008004100039020001800080040003000098041000800128082002200136100005800158245009500216264004500311300004500356336002700401337003300428338002800461500003400489500005600523650004100579650003200620650002300652000038013DO-SdBNP20260224122911.0ta130312s2012 dr a 001 0 spa d a9789945005905 aDO-SdBNPbspacBNPHUerda aspa 4a302.34bS684t2221 aSolano-Joseph, María Magdalena,d1957-eautor4aut.10aTodo lo que brilla no es oro :bel poder de la amistad /cMaría Magdalena Solano-Joseph. 1aSanto Domingo :bmpresos Familia,c2012. a248 páginas :bilustraciones ;c22 cm. atextobtxt2rdacontent asin mediaciónbn2rdamedia avolumenbnc2rdacarrier aEn la portada: New York, USA. aIncluye datos biográficos del autor en la solapa. 4aAmistadvEnsayos, conferencias, etc. 7aConducta de vida 2LIBRUNAM 4aRelaciones humanas